000 00742nam a2200205Ii 4500
003 JO-AjNU
008 230605s9999||||xx |||||||||||||| ||und||
017 _a1971/3695
040 _aJO-AjNU
_bara
_erda
_cJO-AjNU
041 _aara
050 1 4 _aD16.8.M3 1971
100 3 _aتاليف مارو، ه.ا.؛ بدران، جمال ترجمة؛ ابراهيم، زكريا مراحع,
_eauthor
_910036
245 0 0 _aمن المعرفة التاريخية
264 3 1 _aالقاهرة: الهيئة المصرية العامة للتاليف والنشر، 1971
300 _a247ص
336 _atext
_btxt
_2rdacontent
337 _aunmediated
_bn
_2rdamedia
338 _avolume
_bnc
_2rdacarrier
650 4 _aالتاريخ- فلسفة
_910037
999 _aA1604
_c5172
_d5172